000 00484pab a2200169 454500
008 180718b2010 xxu||||| |||| 00| 0 eng d
100 _aClement, Floriane
245 _aAnalysing decentralised natural resources governance: proposition for a "politicised" institutional analysis and develop
260 _c2010
300 _ap.129-56.
362 _aJun
650 _aDecentralization
650 _aNatural resources
773 _aPolicy Sciences
908 _aN
909 _a86392
999 _c86392
_d86392